| 000 | 00000nam##2200000za#4500 |
| 001 | 9.604364 |
| 003 | CaOODSP |
| 005 | 20210624211539 |
| 007 | cr ||||||||||| |
| 008 | 150406|2009||||xxc|||||o f|0| 0 fre|d |
| 040 | |aCaOODSP|bfre |
| 043 | |an-cn--- |
| 086 | 1 |aTU3-7/09-0074F-PDF |
| 110 | 2 |aBureau de la sécurité des transports du Canada. |
| 245 | 10|aChavirement avec pertes de vie du petit bateau de pêche Le Marsouin I au large de Rivière-au-Renard (Québec) le 18 mai 2009 |h[ressource électronique] |
| 260 | |aOttawa - Ontario : |bBureau de la sécurité des transports du Canada |c[2010]. |
| 300 | |a30p.|bfigures, graphiques, références, tableaux, photographies |
| 490 | 1 |aRapport d'enquête maritime |vM09L0074 |
| 590 | |a12-32-Supp|b2012-07-11 |
| 775 | 08|tCapsizing with loss of life - small fishing vessel Le Marsouin I off Rivière-au-Renard, Quebec 18 May 2009 |w(CaOODSP)9.574629 |
| 830 | #0|aRapport d'enquête maritime ;|vM09L0074|w(CaOODSP)9.501269 |
| 856 | 40|ahttp://publications.gc.ca|qPDF|s821 Ko|uhttps://publications.gc.ca/collections/collection_2012/bst-tsb/TU3-7-09-0074-fra.pdf|yM09L0074 |